Není-li kniha zrcadlem : Výběr aforismů a myšlenek z děl světového písemnictví z chystané knihy Miroslava Zůny Člověk v zrcadle

Hlavní autor: Zůna, Miroslav, 1926-
Jazyk: Čeština
Vydáno: Praha : Svoboda, 1967
Fyzický popis: [10] s. ; 8°
Knihy
Uloženo v:
LEADER 00942nam a22002652a 4500
001 001739000
003 CZ BrMZK
005 20200327172508.0
007 ta
008 200327s1967 xr er|||||||||||cze d
015 |a cnb000446109 
035 |a (OCoLC)42144898 
040 |a ABA001  |b cze  |c BOA001  |d ABA001 
080 |a 82-84-822(059)  |2 undef 
100 1 |a Zůna, Miroslav,  |d 1926-  |7 jk01152860  |4 aut 
245 1 0 |a Není-li kniha zrcadlem :  |b Výběr aforismů a myšlenek z děl světového písemnictví z chystané knihy Miroslava Zůny Člověk v zrcadle 
260 |a Praha :  |b Svoboda,  |c 1967  |f (Rudé právo) 
300 |a [10] s. ;  |c 8° 
500 |a Bubla 6617 
500 |a Novoročenka 1967 
500 |a Frontispice: Z. Bouš 
910 |a BOA001  |b Bf1-0592.024 
990 |a BK 
991 |b 202003 
996 6 |b 2618846557  |c Bf1-0592.024  |l Stud. starých tisků/4.patro  |r Sklad / do násl. otevíracího dne  |n 0  |w 001790928  |u 000010  |a 1  |e BOA001  |j MZK50  |s P